| 000 | 00581nam a2200205Ia 4500 | ||
|---|---|---|---|
| 005 | 20230315084736.0 | ||
| 008 | 131103s9999 xx 000 0 und d | ||
| 040 | _aLoreto College | ||
| 041 | _aEnglish | ||
| 082 |
_a891.44 _bDUT |
||
| 100 | _aDutta, Bhabatosh | ||
| 245 |
_aBangadarshan parampara _cBhabatosh Dutta; compiled by Bijali Sarkar |
||
| 260 |
_aKathalpara _bBankim-Bhaban Gabeshna Kendra _c2006 |
||
| 300 | _a348p | ||
| 504 | _aIncludes bibliographical references | ||
| 650 | _aBengali Literature | ||
| 700 | _aSarkar, Bijali | ||
| 850 | _aLCLIB | ||
| 942 | _cBK | ||
| 999 |
_c16304 _d66783 |
||